000
00296nam a22001217a 4500
020
_a
0-08-035728-8
082
_a
629.8 AUT'I
100
_a
ISERMANN, R
_9
64913
245
_a
AUTOMOTIVE CONTROL WORLD CONGRESS 1987 , VOLUME VI
260
_a
OXFORD
_b
PERGAMON
_c
1988
300
_a
386P
942
_c
BK
999
_c
573270
_d
573270